Central Library OPAC University of Rajshahi

Principles and practice of clinical trial medicine / (Record no. 79928)

MARC details
000 -LEADER
fixed length control field 00933nam a2200265 a 4500
001 - CONTROL NUMBER
control field 79928
003 - CONTROL NUMBER IDENTIFIER
rucl marc code BD-RjUL
005 - DATE AND TIME OF LATEST TRANSACTION
control field 20220606160657.0
008 - FIXED-LENGTH DATA ELEMENTS--GENERAL INFORMATION
fixed length control field 220606s2008 ne |||||o |||| ||eng
020 ## - INTERNATIONAL STANDARD BOOK NUMBER
International Standard Book Number 9780123736956
035 ## - SYSTEM CONTROL NUMBER
System control number (BD-RjUL)79928
040 ## - CATALOGING SOURCE
Original cataloging agency Uk
Language of cataloging eng
Transcribing agency Uk
Modifying agency BD-RjUL
041 ## - LANGUAGE CODE
Language code of text/sound track or separate title eng
082 04 - DEWEY DECIMAL CLASSIFICATION NUMBER
Edition number 22
Classification number 615.50724
Author mark and year CHP 2008
100 1# - MAIN ENTRY--PERSONAL NAME
Personal name Chin, Richard Y.
Fuller form of name (Richard Yoonsik)
9 (RLIN) 3459
245 10 - TITLE STATEMENT
Title Principles and practice of clinical trial medicine /
Statement of responsibility, etc. Richard Chin, Bruce Y. Lee.
264 #1 - PRODUCTION, PUBLICATION, DISTRIBUTION, MANUFACTURE, AND COPYRIGHT NOTICE
Place of production, publication, distribution, manufacture Amsterdam :
Name of producer, publisher, distributor, manufacturer Elsevier,
Date of production, publication, distribution, manufacture, or copyright notice 2008.
300 ## - PHYSICAL DESCRIPTION
Pagination 547 pages:
Illustrations ill.;
Size 29 cm.
540 ## - TERMS GOVERNING USE AND REPRODUCTION NOTE
Terms governing use and reproduction Restricted: Printing from this resource is governed by The Legal Deposit Libraries (Non-Print Works) Regulations (UK) and UK copyright law currently in force.
Institution to which field applies UkOxU
650 #0 - SUBJECT ADDED ENTRY--TOPICAL TERM
Topical term or geographic name as entry element Clinical trials.
9 (RLIN) 3460
700 1# - ADDED ENTRY--PERSONAL NAME
Personal name Lee, Bruce Y.
942 ## - ADDED ENTRY ELEMENTS (KOHA)
Source of classification or shelving scheme Dewey Decimal Classification
Koha item type Books
Holdings
Lost status Source of classification or shelving scheme Damaged status Not for loan Collection code Permanent Location Current Location Shelving location Date acquired Source of acquisition Cost, normal purchase price Total Checkouts Full call number Date last seen Copy number Koha item type
  Dewey Decimal Classification   Not For Loan Non-fiction Central Library, University of Rajshahi Central Library, University of Rajshahi Reading Room 06/06/2022 Dhaka: BM Book 6526.00   615.50724 CHP 2008 06/06/2022 C-1 Books